000 00921nam a2200277 a 4500
001 70318
003 BD-RjUL
005 20211209082003.0
008 170417m19681967nyua 001 0 eng d
035 _a(BD-RjUL)70532
040 _aDLC
_cDLC
_dBD-RjUL
_beng
041 _aeng
082 _a541.369
_223
_bJAT 1968
100 1 0 _aJanz, George J.
_9206255
245 1 0 _aThermodynamic properties of organic compounds :
_bestimation methods, principles, and practice /
_cGeorge J. Janz
250 _aRev. ed.
260 _aNew York :
_bAcademic Press,
_c1967 [Printing 1968].
300 _axii, 249 p. :
_bill. ;
_c24 cm.
490 1 _aPhysical chemistry, a series of monographs
_vv. 6
500 _aIncludes Index.
650 0 _aThermodynamics.
_9208232
650 0 _aOrganic compounds.
_9160554
830 0 _aPhysical chemistry ; a series of monographs
_vv. 6.
_9208237
942 _2ddc
_cBK
999 _c70318
_d70318